| 000 | 00953cab a2200277 4500 | ||
|---|---|---|---|
| 001 | ABS51479 | ||
| 008 | 090401t1994 xxu||||| |||| 00| 0 eng d | ||
| 035 | _a(Sirsi) u29469 | ||
| 041 | _aeng | ||
| 100 | _aMatheaou, M. | ||
| 245 | _aContracts for roads - DBFO schemes | ||
| 260 | _c1994 | ||
| 350 | _a0 | ||
| 490 |
_aEstates Gazette _v(9438) 24 September 1994, 153-154(2) |
||
| 520 | _a`Design, build, finance and operate` (DBFO) schemes are the latest Government initiative in attracting private sector finance to road building schemes. Considers the legal issues. | ||
| 650 | _aDBFO SCHEMES | ||
| 650 | _aDESIGN BUILD FINANCE AND OPERATE SCHEMES | ||
| 650 | _aLEGAL ISSUES | ||
| 650 | _aPRIVATE FINANCE INITIATIVE | ||
| 650 | _aROADBULDING | ||
| 650 | _aPROPERTY-INFRASTRUCTURE-TRANSPORT INFRASTRUCTURE-ROAD INFRASTRUCTURE | ||
| 650 | _aTOLL ROADS | ||
| 690 | _aTRANSPORT AND COMMUNICATIONS | ||
| 942 | _n0 | ||
| 948 | _c04/03/1997 | ||
| 999 |
_c19848 _d19848 |
||